000 00463ntaaa2200181 4500
003 01
005 20251027202647.0
008 0714s1973 ag 01
040 _aAR-BaBN
_bspa
_cAR-BaBN
_eaacr
_dRIC
082 _a378.1000 C76c
245 _aThe contemporary university, U.S.A.
250 _a1 ed.
260 _aBoston :
_bBeacon Press,
_c1967
300 _a364 p ;
_c20 cm
650 _auniversidades-U.S.A.
700 _aMorison, Robert S
_926093
942 _cBK
999 _c21791
_d21791